LIBRARY & INFORMATION CENTRE, KCAET, TAVANUR

ONLINE PUBLIC ACCESS CATALOGUE (OPAC)

Rupapeduthal / (Record no. 10891)

MARC details
000 -LEADER
fixed length control field 00546cam a2200229ua 4500
041 ## - LANGUAGE CODE
Language code of text/sound track or separate title mal
082 ## - DEWEY DECIMAL CLASSIFICATION NUMBER
Classification number 671.3
Item number PER/RU
100 ## - MAIN ENTRY--AUTHOR NAME
Personal name Petrak, F .
245 ## - TITLE STATEMENT
Title Rupapeduthal /
250 ## - EDITION STATEMENT
Edition statement 1 /
260 ## - PUBLICATION, DISTRIBUTION, ETC. (IMPRINT)
Place of publication Thiruvananthapuram :
Name of publisher State Instititute of Languages ,
Year of publication 1972.
300 ## - PHYSICAL DESCRIPTION
Number of Pages 207 ; .
942 ## - ADDED ENTRY ELEMENTS (KOHA)
Koha item type Books
Holdings
Withdrawn status Lost status Damaged status Home library Current library Date acquired Full call number Accession Number Koha item type
      KAUAET KAUAET 07/04/2012 671.3 14139 Books
      KAUAET KAUAET 07/04/2012 671.3 14138 Books
      KAUAET KAUAET 07/04/2012 671.3 14141 Books
      KAUAET KAUAET 07/04/2012 671.3 14140 Books
      KAUAET KAUAET 07/04/2012 671.3 14137 Books
Withdrawn     KAUAET KAUAET 16/11/2023 671.3 PER/RU 14142 Books
free website counter